000 00299nam a22001337a 4500
008 170310b xxu||||| |||| 00| 0 eng d
020 _a9780912423296
041 _aeng
080 _212 ED
_a616 002.77
100 _a7
101 _aSHM
245 _aRHEUMATIC DISEASE
_cKLIPPEL.J.H
942 _2udc
_cBK
999 _c7456
_d7456